000 00890nam0a2200289 4500
001 RU\NLR\BIBL_A\011397046
005 20240727014608.0
010 _a9785928727659
_95000
021 _aRU
_b2017-32344
_92378
035 _a(RuMoRGB)008876819
035 _a(NLR Aleph) 011397046
090 _a11485563
_c11485563
100 _a20170531d2017 b y0rusy50 ca
101 1 _arus
_ceng
102 _aRU
105 _aa z 00gy
200 1 _aРос и вырос
_e[для детей до трех лет
_fпер. с англ. Анастасии Орловой]
210 _aМосква
_cЛабиринт Пресс
_d2017
215 _a[16] с.
_cцв. ил.
_d18x18
225 1 _aМир большой-большой
333 _a0+
686 0 _aШ9(7США)60-5
942 _cBOOK
980 _aNBR